[Event "Olbia CIG U16 24th"]
[Site "Olbia"]
[Date "2016.06.26"]
[Round "1"]
[White "Vecchione, Anna Pia"]
[Black "Lazzaro, Elisa"]
[Result "1-0"]
[WhiteElo "1877"]
[BlackElo "1479"]
[PlyCount "57"]
[EventDate "2016.06.26"]
[EventType "swiss"]
[EventRounds "9"]
[EventCountry "ITA"]
[SourceTitle "EXT 2024"]
[Source "ChessBase"]
[SourceDate "2023.10.10"]
[SourceVersion "1"]
[SourceVersionDate "2023.10.10"]
[SourceQuality "1"]

1. e4 d5 2. exd5 Qxd5 3. Nc3 Qa5 4. g3 Nf6 5. Bg2 c6 6. Nf3 Bf5 7. 0-0 e6 8. d3 Nbd7 9. Bf4 Qb6 10. Qd2 Rc8 11. a3 c5 12. Nh4 Bg6 13. Rfe1 Be7 14. Nxg6 hxg6 15. a4 c4 16. d4 Bb4 17. d5 Nc5 18. Qd4 Bxc3 19. bxc3 0-0 20. dxe6 Nxe6 21. Qxb6 axb6 22. Bxb7 Rcd8 23. Be3 Nd7 24. Ba6 Nec5 25. Bxc4 Rc8 26. Bb5 Ne5 27. Kg2 Na6 28. Bxa6 Rxc3 29. Bd4 1-0

[Event "Porto San Giorgio Weekend-B 15th"]
[Site "Porto San Giorgio"]
[Date "2012.11.24"]
[Round "4"]
[White "Vannicola, Roberto"]
[Black "Lazzaro, Elisa"]
[Result "1-0"]
[WhiteElo "1496"]
[BlackElo "1533"]
[PlyCount "83"]
[EventDate "2012.11.17"]
[EventType "swiss"]
[EventRounds "6"]
[EventCountry "ITA"]
[SourceTitle "EXT 2024"]
[Source "ChessBase"]
[SourceDate "2023.10.10"]
[SourceVersion "1"]
[SourceVersionDate "2023.10.10"]
[SourceQuality "1"]

1. c4 e5 2. Nc3 Nf6 3. Nf3 Nc6 4. d3 d5 5. cxd5 Nxd5 6. a3 Nxc3 7. bxc3 e4 8. dxe4 Qxd1+ 9. Kxd1 Be6 10. Kc2 Bc5 11. e3 0-0-0 12. Ng5 Rde8 13. Nxe6 Rxe6 14. f3 Rd8 15. Be2 g6 16. Rd1 Rxd1 17. Kxd1 f5 18. Bc4 Rd6+ 19. Ke2 fxe4 20. Ra2 Ne5 21. Bb3 exf3+ 22. gxf3 g5 23. Bc2 Rf6 24. Be4 Rh6 25. Bf5+ Kd8 26. Rd2+ Ke8 27. h3 Nc4 28. Rd7 Rf6 29. e4 Rxf5 30. Rxc7 Rf7 31. Rxc5 Nd6 32. Bxg5 Rg7 33. Bf4 Nf7 34. Rc7 Rg2+ 35. Ke3 Rb2 36. Kd3 Nd8 37. Rxh7 Rb3 38. Bd6 Rb1 39. Bb4 Rd1+ 40. Ke2 Rh1 41. h4 Ne6 42. Re7+ 1-0

[Event "Porto San Giorgio Weekend-B 15th"]
[Site "Porto San Giorgio"]
[Date "2012.11.18"]
[Round "3"]
[White "Lazzaro, Elisa"]
[Black "Cocciaretto, Luca"]
[Result "1-0"]
[WhiteElo "1533"]
[BlackElo "1541"]
[PlyCount "89"]
[EventDate "2012.11.17"]
[EventType "swiss"]
[EventRounds "6"]
[EventCountry "ITA"]
[SourceTitle "EXT 2024"]
[Source "ChessBase"]
[SourceDate "2023.10.10"]
[SourceVersion "1"]
[SourceVersionDate "2023.10.10"]
[SourceQuality "1"]

1. e4 c5 2. c3 d6 3. d4 cxd4 4. cxd4 Nd7 5. Nf3 a6 6. Nc3 e6 7. Bc4 Be7 8. 0-0 e5 9. d5 b5 10. Bb3 Ngf6 11. Be3 0-0 12. h3 Nc5 13. Bxc5 dxc5 14. Nxe5 Re8 15. Nc6 Qc7 16. Nxe7+ Rxe7 17. d6 Qd7 18. dxe7 Qxe7 19. Re1 Bb7 20. Nd5 Nxd5 21. Bxd5 Bxd5 22. exd5 Qd6 23. Qe2 Kf8 24. Qe5 Qd7 25. d6 Qc8 26. Rad1 Qd7 27. Qe7+ Qxe7 28. dxe7+ Ke8 29. Rd8+ Rxd8 30. exd8Q+ Kxd8 31. Rc1 c4 32. b3 cxb3 33. axb3 Kd7 34. Ra1 g6 35. Rxa6 h6 36. Rb6 Kc7 37. Rxb5 Kd6 38. Ra5 Ke6 39. b4 Kd6 40. Ra7 f6 41. Ra6+ Ke7 42. b5 g5 43. Ra7+ Kd6 44. b6 Kc6 45. Rf7 1-0

[Event "Porto San Giorgio Weekend-B 15th"]
[Site "Porto San Giorgio"]
[Date "2012.11.18"]
[Round "2"]
[White "Marvulli, Michele"]
[Black "Lazzaro, Elisa"]
[Result "0-1"]
[WhiteElo "1443"]
[BlackElo "1533"]
[PlyCount "32"]
[EventDate "2012.11.17"]
[EventType "swiss"]
[EventRounds "6"]
[EventCountry "ITA"]
[SourceTitle "EXT 2024"]
[Source "ChessBase"]
[SourceDate "2023.10.10"]
[SourceVersion "1"]
[SourceVersionDate "2023.10.10"]
[SourceQuality "1"]

1. e4 e5 2. f4 Nc6 3. Nf3 Bc5 4. Bc4 d6 5. Ng5 exf4 6. Bxf7+ Kf8 7. Qh5 Nf6 8. Qh4 Ne5 9. Bb3 h6 10. c3 Ng6 11. d4 Nxh4 12. dxc5 Nxe4 13. Nf7 Qe7 14. cxd6 Nxg2+ 15. Kf1 Qh4 16. Kxg2 Qf2# 0-1

[Event "Porto San Giorgio Weekend-B 15th"]
[Site "Porto San Giorgio"]
[Date "2012.11.17"]
[Round "1"]
[White "Lazzaro, Elisa"]
[Black "Silvestri, Giorgio"]
[Result "0-1"]
[WhiteElo "1533"]
[BlackElo "1761"]
[PlyCount "134"]
[EventDate "2012.11.17"]
[EventType "swiss"]
[EventRounds "6"]
[EventCountry "ITA"]
[SourceTitle "EXT 2024"]
[Source "ChessBase"]
[SourceDate "2023.10.10"]
[SourceVersion "1"]
[SourceVersionDate "2023.10.10"]
[SourceQuality "1"]

1. e4 e6 2. d4 d5 3. e5 c5 4. c3 Nc6 5. Nf3 Qb6 6. Bd3 Bd7 7. Bc2 0-0-0 8. 0-0 Kb8 9. Nbd2 cxd4 10. Nb3 f6 11. exf6 gxf6 12. Nfxd4 e5 13. Nxc6+ bxc6 14. Be3 Qc7 15. Nc5 Bxc5 16. Bxc5 Be6 17. Rb1 h5 18. b4 Nh6 19. Qe2 Ka8 20. b5 cxb5 21. Qxb5 Bc8 22. Rb3 Bd7 23. Qb4 Rb8 24. Qa3 Rxb3 25. Bxb3 Bc6 26. c4 d4 27. Bc2 Rg8 28. Bd6 Rxg2+ 29. Kh1 Rg3+ 30. f3 Rxf3 31. Rxf3 Qb7 32. Kg2 Qg7+ 33. Kf2 Ng4+ 34. Ke2 e4 35. Bxe4 Bxe4 36. Rg3 Qh7 37. Qa6 d3+ 38. Kd1 Qf5 39. Rg1 Qf3+ 40. Kc1 Qe3+ 41. Kb2 Qd2+ 42. Ka3 Qc3+ 43. Ka4 Bb7 44. Qa5 Qxc4+ 45. Bb4 Qxa2+ 46. Kb5 Qd5+ 47. Ka4 Bc6+ 48. Ka3 Qxa5+ 49. Bxa5 Nxh2 50. Rg8+ Kb7 51. Rg7+ Ka6 52. Rc7 Kxa5 53. Rxc6 Kb5 54. Rc1 d2 55. Rd1 Nf3 56. Kb3 h4 57. Kc2 h3 58. Rf1 h2 59. Rxf3 h1Q 60. Rf5+ Kc4 61. Rf4+ Kd5 62. Kxd2 Qh2+ 63. Ke3 Qxf4+ 64. Kxf4 a5 65. Kf5 a4 66. Kxf6 a3 67. Kf5 a2 0-1